000 nam a22 7a 4500
999 _c7802
_d7802
008 171016b xxu||||| |||| 00| 0 eng d
100 _94279
_aVashishla
245 _aBrowse the world
260 _aNew Delhi